000
00388nam a2200133Ia 4500
008
151001s9999||||xx |||||||||||||| ||und||
100
_a
ठाकूर देवेश
245
_a
भ्रमभंग
250
_a
1
260
_b
बांदोडकर पब्लिशिंग कंपनी मुंबई
260
_c
1983
300
_a
267
365
_b
18
999
_c
964938
_d
964935